[Event "San Sebastian Gros op 24th"]
[Site "San Sebastian"]
[Date "2014.09.24"]
[Round "5"]
[White "Tung, Siu Hung"]
[Black "Pinilla Santibanez, Roberto"]
[Result "0-1"]
[WhiteElo "1894"]
[BlackElo "2037"]
[PlyCount "96"]
[EventDate "2014.09.21"]
[EventType "swiss"]
[EventRounds "9"]
[EventCountry "ESP"]
[SourceTitle "EXT 2015"]
[Source "ChessBase"]
[SourceDate "2014.11.20"]
[SourceVersion "1"]
[SourceVersionDate "2014.11.20"]
[SourceQuality "1"]

1. b3 d5 2. Bb2 c5 3. e3 Nc6 4. Nf3 a6 5. a4 Nf6 6. Ne5 e6 7. Be2 Nxe5 8. Bxe5 Bd6 9. d4 Bxe5 10. dxe5 Nd7 11. f4 0-0 12. 0-0 f6 13. exf6 Qxf6 14. Nd2 Qc3 15. Bd3 Nf6 16. Qe1 e5 17. Rd1 Bg4 18. fxe5 Qxe5 19. Nf3 Bxf3 20. gxf3 Rae8 21. e4 Nh5 22. Qd2 d4 23. Kh1 Rf4 24. Qg2 Ref8 25. Rf2 R4f6 26. Bc4+ Kh8 27. Rg1 Rg6 28. Qf1 Rh6 29. Qg2 Nf4 30. Qg3 Qf6 31. e5 Qxe5 32. Re2 Qf6 33. Re4 Rg6 34. Qe1 Rxg1+ 35. Qxg1 Nh3 36. Qg3 Ng5 37. Re5 Nxf3 38. Re6 Qd8 39. Qg4 Ng5 40. Re5 h6 41. Rxc5 Qe7 42. Qxd4 Nf3 43. Qf2 Ng5 44. Qd4 Qe1+ 45. Kg2 Ne4 46. Rh5 Rf2+ 47. Kh3 Rxh2+ 48. Kg4 Qg3+ 0-1

[Event "San Sebastian op 36th"]
[Site "San Sebastian"]
[Date "2013.03.28"]
[Round "7"]
[White "Tung, Siu Hung"]
[Black "Fernandez Zubitur, Jokin"]
[Result "0-1"]
[WhiteElo "1859"]
[BlackElo "1966"]
[PlyCount "130"]
[EventDate "2013.03.23"]
[EventType "swiss"]
[EventRounds "9"]
[EventCountry "ESP"]
[SourceTitle "CBM 153 Extra"]
[Source "ChessBase"]
[SourceDate "2013.04.22"]
[SourceVersion "1"]
[SourceVersionDate "2013.04.22"]
[SourceQuality "1"]

1. e4 d6 2. d4 Nf6 3. Nc3 Nbd7 4. Be3 e5 5. Nf3 Be7 6. h3 0-0 7. Bd3 c6 8. 0-0 Qc7 9. Ne2 d5 10. dxe5 Nxe4 11. Bf4 Ndc5 12. Ng3 Ne6 13. Qc1 N4c5 14. Nf5 Nxd3 15. cxd3 Nxf4 16. Nxe7+ Qxe7 17. Qxf4 f6 18. Qg3 fxe5 19. Nxe5 Qf6 20. d4 Bf5 21. Rac1 Rae8 22. Rc3 Qd6 23. Qe3 Re6 24. Re1 Ref6 25. a3 Bc8 26. Re2 Rf4 27. Qd2 Qf6 28. Rce3 Qd8 29. Qb4 a5 30. Qc3 Qb6 31. Rd2 g6 32. g3 R4f6 33. Kg2 Qc7 34. Rde2 Bf5 35. f3 Bc8 36. h4 b6 37. Rf2 Qd6 38. Rc2 Bb7 39. b4 axb4 40. axb4 Ra8 41. Ng4 Re6 42. Rce2 Rxe3 43. Qxe3 Ba6 44. Re1 Bc4 45. Qg5 Ra2+ 46. Kh3 Re2 47. Rxe2 Bxe2 48. Ne5 Bf1+ 49. Kh2 Qe6 50. Qd8+ Kg7 51. Qd7+ Qxd7 52. Nxd7 Bb5 53. g4 Kf7 54. Kg3 Ke7 55. Nxb6 Kd8 56. Kf4 Kc7 57. Na8+ Kb7 58. h5 gxh5 59. gxh5 Be2 60. h6 Kxa8 61. Kg3 Kb7 62. f4 Kc7 63. f5 Kd6 64. Kf4 Bd3 65. Kg5 Ke7 0-1

[Event "San Sebastian op 36th"]
[Site "San Sebastian"]
[Date "2013.03.24"]
[Round "3"]
[White "Savolainen, Lev P"]
[Black "Tung, Siu Hung"]
[Result "1-0"]
[WhiteElo "2107"]
[BlackElo "1859"]
[PlyCount "49"]
[EventDate "2013.03.23"]
[EventType "swiss"]
[EventRounds "9"]
[EventCountry "ESP"]
[SourceTitle "CBM 153 Extra"]
[Source "ChessBase"]
[SourceDate "2013.04.22"]
[SourceVersion "1"]
[SourceVersionDate "2013.04.22"]
[SourceQuality "1"]

1. d4 d6 2. Nf3 g6 3. h3 Nf6 4. Bf4 Bg7 5. e3 c5 6. c4 0-0 7. Nc3 Na6 8. Be2 cxd4 9. exd4 Qb6 10. Qb3 Qxb3 11. axb3 Bf5 12. 0-0 Nb4 13. Rfd1 Rfc8 14. Ne1 Ne8 15. Bf3 Nc6 16. Be3 b6 17. Nb5 a6 18. Nc3 Rab8 19. g4 Bd7 20. Rxa6 Na5 21. Nd5 Bf8 22. Nxb6 Nc7 23. Nxd7 Nxa6 24. Ra1 Nxc4 25. bxc4 1-0

[Event "San Sebastian Gros op 22nd"]
[Site "San Sebastian"]
[Date "2012.09.21"]
[Round "2"]
[White "Tung, Siu Hung"]
[Black "Jauregi Barandiaran, Jon"]
[Result "1-0"]
[WhiteElo "1895"]
[BlackElo "1567"]
[PlyCount "85"]
[EventDate "2012.09.20"]
[EventType "swiss"]
[EventRounds "8"]
[EventCountry "ESP"]
[SourceTitle "EXT 2013"]
[Source "ChessBase"]
[SourceDate "2012.11.22"]
[SourceVersion "1"]
[SourceVersionDate "2012.11.22"]
[SourceQuality "1"]

1. e4 d6 2. d4 Nf6 3. Bd3 e5 4. Ne2 Be7 5. f3 0-0 6. Be3 c6 7. Nd2 Nbd7 8. g4 h6 9. Nf1 Nh7 10. Neg3 Bg5 11. Qd2 exd4 12. Bxg5 Nxg5 13. Qf2 Qf6 14. Nf5 Ne5 15. Nd2 Bxf5 16. gxf5 b5 17. h4 Nxd3+ 18. cxd3 Nh7 19. 0-0-0 a5 20. Kb1 Rfd8 21. Nf1 d5 22. Ng3 dxe4 23. fxe4 Qe5 24. Nh5 Nf6 25. Nxf6+ Qxf6 26. Qf4 Re8 27. Rhg1 Kh7 28. Rg2 Qe5 29. Qg4 Rg8 30. Rdg1 Qd6 31. Qh5 g6 32. Qf3 Rae8 33. fxg6+ fxg6 34. Qf7+ Kh8 35. Rxg6 Rxg6 36. Qxe8+ Kg7 37. Rf1 Rf6 38. Rc1 Re6 39. Qc8 Rf6 40. h5 a4 41. Rg1+ Kf7 42. Qg8+ Ke7 43. Rg7+ 1-0

[Event "San Sebastian Primavera de Gros op 8th"]
[Site "San Sebastian"]
[Date "2012.06.02"]
[Round "7"]
[White "Ezkerro Hernandez, Pablo"]
[Black "Tung, Siu Hung"]
[Result "0-1"]
[WhiteElo "1693"]
[BlackElo "1908"]
[PlyCount "30"]
[EventDate "2012.04.21"]
[EventType "swiss"]
[EventRounds "7"]
[EventCountry "ESP"]
[SourceTitle "EXT 2014"]
[Source "ChessBase"]
[SourceDate "2013.11.20"]
[SourceVersion "1"]
[SourceVersionDate "2013.11.20"]
[SourceQuality "1"]

1. e4 d6 2. d4 Nf6 3. Nc3 g6 4. Nf3 Bg7 5. Be2 0-0 6. 0-0 c6 7. Bg5 Qc7 8. Qd2 e5 9. dxe5 dxe5 10. Rad1 b5 11. Qd6 Ne8 12. Qe7 Be6 13. Rd8 h6 14. Rxe8 Qxe7 15. Bxe7 Rxe8 0-1

[Event "San Sebastian KO GpA"]
[Site "San Sebastian"]
[Date "2011.12.28"]
[Round "1"]
[White "Tung, Siu Hung"]
[Black "Vadillo Jueguen, Jon"]
[Result "1-0"]
[WhiteElo "1922"]
[BlackElo "1510"]
[PlyCount "47"]
[EventDate "2011.12.28"]
[EventType "k.o."]
[EventRounds "7"]
[EventCountry "ESP"]
[SourceTitle "CBM 146 Extra"]
[Source "ChessBase"]
[SourceDate "2012.02.29"]
[SourceVersion "1"]
[SourceVersionDate "2012.02.29"]
[SourceQuality "1"]

1. e4 c5 2. Nf3 Nc6 3. d4 cxd4 4. Nxd4 Nf6 5. Nc3 e5 6. Nf3 Bb4 7. Bc4 Bxc3+ 8. bxc3 Nxe4 9. Qd5 0-0 10. Qxe4 d6 11. 0-0 Ne7 12. Rd1 Rb8 13. a4 Bf5 14. Qe2 Qc7 15. Ba3 Rbd8 16. Rd2 Rd7 17. Rad1 Rfd8 18. h4 Bg4 19. Bxf7+ Kh8 20. Bb3 Qxc3 21. Rxd6 Rxd6 22. Rxd6 Rxd6 23. Bxd6 Ng6 24. Qb5 1-0

[Event "Gipuzkoa-ch"]
[Site "San Sebastian"]
[Date "2011.11.12"]
[Round "6"]
[White "Tung, Siu Hung"]
[Black "Cantabrana Garona, Alejandro"]
[Result "1-0"]
[WhiteElo "1938"]
[BlackElo "1812"]
[PlyCount "87"]
[EventDate "2011.10.08"]
[EventType "swiss"]
[EventRounds "7"]
[EventCountry "ESP"]
[SourceTitle "EXT 2024"]
[Source "ChessBase"]
[SourceDate "2023.10.10"]
[SourceVersion "1"]
[SourceVersionDate "2023.10.10"]
[SourceQuality "1"]

1. e4 d6 2. d4 g6 3. Be3 Bg7 4. Nc3 c6 5. f4 d5 6. e5 h5 7. Nf3 Bg4 8. Bd3 Nh6 9. h3 Nf5 10. Bf2 Bxf3 11. Qxf3 e6 12. g4 hxg4 13. hxg4 Rxh1+ 14. Qxh1 Nh6 15. Qh3 Nd7 16. Bh4 Qb6 17. 0-0-0 Bf8 18. Bg5 Ng8 19. f5 Be7 20. Bxe7 Nxe7 21. fxe6 fxe6 22. Qh8+ Nf8 23. Rf1 Kd7 24. Rxf8 Rxf8 25. Qxf8 Qxd4 26. Qf6 Qxg4 27. Ne2 g5 28. b3 b5 29. Kb2 a6 30. Qf2 Nc8 31. a3 Qh4 32. Qe3 g4 33. Qf4 c5 34. Ng3 c4 35. Be2 a5 36. b4 axb4 37. axb4 Qe7 38. c3 Qh4 39. Bd1 Ne7 40. Bc2 Nc6 41. Qf7+ Ne7 42. Nh5 d4 43. Nf6+ Kc6 44. Qxe6+ 1-0

[Event "San Sebastian op 34th"]
[Site "San Sebastian"]
[Date "2011.04.23"]
[Round "9"]
[White "Tung, Siu Hung"]
[Black "Aranaz Portugues, Jose Carlos"]
[Result "1-0"]
[WhiteElo "1924"]
[BlackElo "2130"]
[PlyCount "123"]
[EventDate "2011.04.16"]
[EventType "swiss"]
[EventRounds "9"]
[EventCountry "ESP"]
[SourceTitle "CBM 141 Extra"]
[Source "ChessBase"]
[SourceDate "2011.05.03"]
[SourceVersion "1"]
[SourceVersionDate "2011.05.03"]
[SourceQuality "1"]

1. e4 c6 2. d4 d5 3. e5 g6 4. Nf3 c5 5. c3 Bg4 6. Be2 Nc6 7. Nbd2 cxd4 8. cxd4 Qb6 9. h3 Bxf3 10. Nxf3 e6 11. 0-0 Nge7 12. Bd3 Bg7 13. b3 a5 14. a4 0-0 15. Ba3 Nb4 16. Bb5 Nec6 17. Qd2 Rfc8 18. Rac1 Bf8 19. Rfd1 Rc7 20. Qf4 Nd3 21. Rxd3 Bxa3 22. Rb1 Bf8 23. Nh2 Kh8 24. Rbd1 Bg7 25. Ng4 Rf8 26. Nf6 Ne7 27. Nd7 Rxd7 28. Bxd7 Qc7 29. Bb5 f6 30. Rc1 Qb8 31. Qg4 Nf5 32. f4 Qa7 33. Kh1 Nxd4 34. Rdc3 fxe5 35. Rc8 Nf5 36. Rxf8+ Bxf8 37. Qf3 exf4 38. Rc8 Kg7 39. Qc3+ Qd4 40. Qxd4+ Nxd4 41. Rc7+ Kf6 42. Rxb7 h5 43. Bd3 Bb4 44. Rb8 Nxb3 45. Rg8 Nc5 46. Bxg6 Nxa4 47. Bxh5 Nc3 48. Rg6+ Kf5 49. Rg8 e5 50. Bg6+ Kg5 51. Bc2+ Kh6 52. Rg6+ Kh5 53. g4+ fxg3 54. Rxg3 e4 55. Kg2 d4 56. Bb3 d3 57. Kf1 a4 58. Bf7+ Kh4 59. Rg4+ Kxh3 60. Be6 Kh2 61. Rg2+ Kh1 62. Rg3 1-0

[Event "Gipuzkoa-ch Seniors"]
[Site "Donostia"]
[Date "2010.12.27"]
[Round "2.1"]
[White "Goienetxea Yarza, Jesus"]
[Black "Tung, Siu Hung"]
[Result "0-1"]
[WhiteElo "1375"]
[BlackElo "1910"]
[PlyCount "62"]
[EventDate "2010.12.22"]
[EventType "swiss"]
[EventRounds "5"]
[EventCountry "ESP"]
[SourceTitle "EXT 2024"]
[Source "ChessBase"]
[SourceDate "2023.10.10"]
[SourceVersion "1"]
[SourceVersionDate "2023.10.10"]
[SourceQuality "1"]

1. d4 d6 2. e4 g6 3. Nc3 Bg7 4. f4 Na6 5. Nf3 c5 6. Be3 Qc7 7. h3 Bd7 8. Be2 Nf6 9. e5 Nh5 10. exd6 exd6 11. Qd2 0-0 12. 0-0-0 Ng3 13. Nd5 Qd8 14. Rhe1 Re8 15. Bc4 b5 16. Bf1 c4 17. Nb4 Nxb4 18. Qxb4 Nxf1 19. Qxd6 Nxe3 20. Rxe3 Rxe3 21. Ne5 Be6 22. Qb4 c3 23. Nc6 Qd7 24. Ne7+ Kh8 25. bxc3 Bc4 26. Nxg6+ hxg6 27. Qc5 Rae8 28. Kb2 Bf8 29. Qg5 Qd6 30. Qh4+ Kg8 31. g4 Qa3+ 0-1

[Event "San Sebastian op 20th"]
[Site "San Sebastian"]
[Date "2010.09.27"]
[Round "4"]
[White "Tung, Siu Hung"]
[Black "Lakunza Oyarbide, Juan Carlos"]
[Result "0-1"]
[WhiteElo "1875"]
[BlackElo "2102"]
[PlyCount "48"]
[EventDate "2010.09.24"]
[EventType "swiss"]
[EventRounds "9"]
[EventCountry "ESP"]
[SourceTitle "CBM 138 Extra"]
[Source "ChessBase"]
[SourceDate "2010.10.29"]
[SourceVersion "1"]
[SourceVersionDate "2010.10.29"]
[SourceQuality "1"]

1. e4 e5 2. Nf3 Nc6 3. Bb5 Nd4 4. Nxd4 exd4 5. Qe2 Bc5 6. d3 Ne7 7. Nd2 0-0 8. 0-0 c6 9. Bc4 d5 10. Bb3 a5 11. a4 Re8 12. Qf3 Be6 13. exd5 cxd5 14. c4 dxc3 15. bxc3 Ng6 16. d4 Nh4 17. Qd3 Bd6 18. Re1 Qg5 19. g3 Bh3 20. Re3 Bf4 21. Nf1 Bxe3 22. Bxe3 Nf3+ 23. Kh1 Qh5 24. g4 Bxf1 0-1

[Event "San Sebastian op 20th"]
[Site "San Sebastian"]
[Date "2010.09.26"]
[Round "3"]
[White "Fernandez Zubitur, Jokin"]
[Black "Tung, Siu Hung"]
[Result "0-1"]
[WhiteElo "1892"]
[BlackElo "1875"]
[PlyCount "108"]
[EventDate "2010.09.24"]
[EventType "swiss"]
[EventRounds "9"]
[EventCountry "ESP"]
[SourceTitle "CBM 138 Extra"]
[Source "ChessBase"]
[SourceDate "2010.10.29"]
[SourceVersion "1"]
[SourceVersionDate "2010.10.29"]
[SourceQuality "1"]

1. e4 g6 2. d4 Bg7 3. Nf3 d6 4. Nc3 Nd7 5. Be2 a6 6. 0-0 c5 7. Be3 b6 8. dxc5 Nxc5 9. Bd4 Nf6 10. Nd5 0-0 11. Nxf6+ exf6 12. Bd3 Re8 13. Re1 Bb7 14. Nd2 Rc8 15. f3 d5 16. Bxc5 bxc5 17. exd5 Rxe1+ 18. Qxe1 Qxd5 19. Qe7 Qd4+ 20. Kh1 Bd5 21. Bxa6 Rb8 22. Nb3 Qxb2 23. Re1 Bf8 24. Qd7 Qc3 25. Rd1 Be6 26. Qd3 Qe5 27. Bc4 Bf5 28. Qd2 Rb4 29. Bf1 Rb6 30. c4 Be6 31. Re1 Qh5 32. Qf2 Rc6 33. Nd2 f5 34. f4 Bc8 35. Re3 Qd1 36. Nf3 Re6 37. Rd3 Qc1 38. Ne5 Bb7 39. Rd7 Re7 40. Rxe7 Bxe7 41. h3 Be4 42. Kh2 Qd1 43. Be2 Qd2 44. a3 f6 45. Nf3 Qxf4+ 46. Qg3 Qe3 47. Ng1 Qd4 48. Qb8+ Kg7 49. Qc7 Kf8 50. Qc8+ Bd8 51. a4 Qe5+ 52. Kh1 Ke7 53. Nf3 Bxf3 54. Bxf3 Bc7 0-1

[Event "San Sebastian Primavera de Gros op 6th"]
[Site "San Sebastian"]
[Date "2010.06.05"]
[Round "7"]
[White "Segovia Sanchez, Antonio"]
[Black "Tung, Siu Hung"]
[Result "1-0"]
[WhiteElo "1998"]
[BlackElo "1864"]
[PlyCount "75"]
[EventDate "2010.04.24"]
[EventType "swiss"]
[EventRounds "8"]
[EventCountry "ESP"]
[SourceTitle "EXT 2024"]
[Source "ChessBase"]
[SourceDate "2023.10.10"]
[SourceVersion "1"]
[SourceVersionDate "2023.10.10"]
[SourceQuality "1"]

1. d4 d6 2. Bg5 Nd7 3. Nf3 Ngf6 4. Nbd2 h6 5. Bh4 g5 6. Bg3 Nh5 7. e3 Bg7 8. c3 Nxg3 9. hxg3 Nf6 10. Bd3 Bg4 11. Qc2 c6 12. 0-0-0 Qa5 13. Kb1 Rc8 14. Nc4 Qc7 15. e4 b5 16. Ne3 Bd7 17. e5 dxe5 18. Nxe5 Be6 19. Bf5 Qd6 20. Bxe6 Qxe6 21. Nf5 Kf8 22. Rde1 Nd5 23. f4 Bxe5 24. Rxe5 Qf6 25. c4 bxc4 26. Qxc4 e6 27. Nd6 Rc7 28. f5 Qe7 29. Ne4 Ne3 30. Qc3 Nxf5 31. Rc1 f6 32. Rc5 Kf7 33. Rf1 Rd8 34. g4 Nxd4 35. Rxf6+ Kg7 36. Qh3 Rh8 37. Qh5 Qe8 38. Rxg5+ 1-0

[Event "San Sebastian op 33rd"]
[Site "San Sebastian"]
[Date "2010.04.02"]
[Round "7"]
[White "Sanchez Merino, Christian"]
[Black "Tung, Siu Hung"]
[Result "0-1"]
[WhiteElo "1623"]
[BlackElo "1864"]
[PlyCount "52"]
[EventDate "2010.03.28"]
[EventType "swiss"]
[EventRounds "9"]
[EventCountry "ESP"]
[SourceTitle "CBM 135 Extra"]
[Source "ChessBase"]
[SourceDate "2010.05.04"]
[SourceVersion "1"]
[SourceVersionDate "2010.05.04"]
[SourceQuality "1"]

1. e4 g6 2. d4 Bg7 3. c4 d6 4. Nf3 Nf6 5. Nc3 c5 6. dxc5 Qa5 7. Qa4+ Qxa4 8. Nxa4 Nxe4 9. cxd6 Nxd6 10. Bd2 Bd7 11. Nc3 Bc6 12. 0-0-0 Nd7 13. Bf4 Ne4 14. Nxe4 Bxe4 15. Be2 Rc8 16. h4 b5 17. b3 Nb6 18. h5 bxc4 19. b4 Nd5 20. Rxd5 Bxd5 21. Rd1 e6 22. h6 Bf6 23. g4 0-0 24. g5 Be7 25. Ne5 Rfd8 26. Ng4 Be4 0-1

[Event "San Sebastian op 33rd"]
[Site "San Sebastian"]
[Date "2010.03.30"]
[Round "3"]
[White "Torres Ganuza, Francisco Javier"]
[Black "Tung, Siu Hung"]
[Result "1-0"]
[WhiteElo "2109"]
[BlackElo "1864"]
[PlyCount "75"]
[EventDate "2010.03.28"]
[EventType "swiss"]
[EventRounds "9"]
[EventCountry "ESP"]
[SourceTitle "CBM 135 Extra"]
[Source "ChessBase"]
[SourceDate "2010.05.04"]
[SourceVersion "1"]
[SourceVersionDate "2010.05.04"]
[SourceQuality "1"]

1. d4 g6 2. c4 Bg7 3. e4 d6 4. f4 Nf6 5. Nc3 0-0 6. Nf3 c5 7. d5 e6 8. Be2 exd5 9. cxd5 Re8 10. Nd2 Qa5 11. 0-0 Na6 12. a4 Nb4 13. Nc4 Qd8 14. Bf3 Re7 15. Re1 Ne8 16. Kh1 b6 17. e5 Bf5 18. Ne3 Bd3 19. Na2 Nxa2 20. Rxa2 Ba6 21. e6 Rb8 22. f5 Nf6 23. Ng4 Nxg4 24. Bxg4 Bd4 25. exf7+ Rxf7 26. fxg6 Rg7 27. gxh7+ Kh8 28. b3 Qh4 29. Bh3 Rf8 30. Be6 Rxh7 31. h3 Qf6 32. Be3 Bc3 33. Rf2 Qg7 34. Rxf8+ Qxf8 35. Bd2 Bd4 36. Qf3 Qg7 37. Re4 Qe7 38. Bg5 1-0